Štatút národných podnikov priemyslových

Na minha lista:
Detalhes bibliográficos
Formato: Livro
Idioma:eslovaco
Publicado em: Bratislava Tatran 1950
Tags: Adicionar Tag
Sem tags, seja o primeiro a adicionar uma tag!

MARC

LEADER 00000nam a2200000 4500
001 0308314
005 20250428114519.9
041 0 |a slo 
044 |a SK 
245 1 0 |a Štatút národných podnikov priemyslových 
264 1 |a Bratislava  |b Tatran  |c 1950